| 000 | 02278nam a22003377a 4500 | ||
|---|---|---|---|
| 005 | 20100803142814.0 | ||
| 010 | _aENG-97877 B-423982-989 | ||
| 020 |
_a9789380032870 _c200.00 |
||
| 035 | _aEN-81410 | ||
| 035 | _a B-423982-989 | ||
| 037 | _bDBAD/PUB | ||
| 037 | _bResearchco Book Centre | ||
| 082 | _aN | ||
| 100 |
_aMoudgil,Reema _931696 |
||
| 245 |
_aPerfect eight / _cby Reema Moudgil |
||
| 260 |
_aNew Delhi _bTranquebar Press _c2010 |
||
| 270 |
_a47 Brij mohan Road Daryaganj _bNew Delhi _e110002 |
||
| 300 |
_a252p _c19cm(pbk) |
||
| 650 |
_aFiction _931697 |
||
| 942 |
_2ddc _cEN _hN _mMOU |
||
| 999 |
_c38973 _d38973 |
||